000
00225nam a2200109Ia 4500
100
_a
Rao/P.N.
650
_a
Production.
942
_c
BK
245
_a
Manufacturing technology
260
_b
Tata McGrawhill
546
_a
ENGLISH
999
_c
30291
_d
30291